000 00299nam a22001337a 4500
008 170504b xxu||||| |||| 00| 0 eng d
020 _a9780135043141
041 _aeng
080 _26 ED
_a343.9
100 _a14
101 _aSHJ
245 _aCRIMINAL JUSTICE
_cSCHMALLEGER.F
942 _2udc
_cBK
999 _c12705
_d12705